000 01985nam a2200457 i 4500
001 991061718033906706
003 ES-BaIT
005 20260212140622.0
008 260212s17301767sp r 000 d spa c
040 _aES-BaIT
_bcat
_erda
_cES-BaIT
080 _a860-2"17"
245 0 0 _aEntremes de los aranbeles
246 3 0 _aAranbeles
246 3 3 _aArambeles
264 1 _aImpresso en Cordova :
_ben el Colegio de nuestra Señora de la Asumpcion,
_c[entre 1730-1767]
300 _a8 pàgines ;
_c
336 _atext
_btxt
_2rdacontent
337 _asense mediació
_bn
_2rdamedia
338 _avolum
_bnc
_2rdacarrier
500 _aLloc d'impressió i impressor obtinguts del colofó
500 _aData d'impressió deduïda dels anys d'activitat de l'impressor
500 _aSign.: [ ] ⁴
533 _aReproducció digital disponible a Biblioescènic
593 _bVIT-084/02.
_cRelligat en volum factici.
_gExemplar digitalitzat per Crossland.
_hArtur Sedó
593 0 0 _choland. granate. Procedència: Col·lecció Joaquín Montaner
593 0 0 _choland. marrón
655 7 _aEntremesos castellans
_yS. XVIII
_2lemac
_9168430
710 2 _aImprenta del Colegio de la Asunción (Córdoba)
_eimpressor
_9168431
730 0 _aCol·lecció digital Biblioescènic del MAE
_969172
752 _aEspanya
_bAndalusia
_dCórdoba
856 4 1 _zAccés lliure (Biblioescènic)
_3Exemplar VIT-084/02
_uhttps://books.cdmae.cat/visorpdf/?recurs=SV0084-02
856 4 1 _zAccés lliure (Bibilioteca Digital Hispánica)
_uhttps://bnedigital.bne.es/bd/card?id=9e1f85de-c01e-4e39-a6b1-e0f4717d9dc8
856 4 2 _3Fitxa del catàleg manual
_uhttp://www.cdmae.cat/sedo/imgtitulos/005/P0001233.gif
856 4 2 _3Fitxa del catàleg manual
_uhttp://www.cdmae.cat/sedo/imgtitulos/005/P0001234.gif
902 _aPatrimoni
902 _aFons antic
908 _aCDMAE
940 _aCDMAE
942 _2udc
_cDIGITAL
999 _c137044
_d137044